MARC

LEADER 00000nam0a2200000 4500
001 204302
005 20231031190032.0
020 |a RU  |b 91-27848 
035 |a (RuTPU)RU\TPU\book\222688 
090 |a 204302 
100 |a 20111122d1990 k y0rusy5003 ca 
101 0 |a rus 
102 |a RU 
105 |a a z 001zy 
200 1 |a Возможности методов измерения сверхмалых количеств изотопов  |e сборник научных трудов  |f Академия наук СССР (АН СССР), Физико-технический институт им. А. Ф. Иоффе (ФТИ); под ред. Г. Е. Кочарова 
210 |a Ленинград  |c Изд-во ФТИ  |d 1990 
215 |a 203 с.  |c ил. 
320 |a Библиогр. в конце статей 
610 1 |a изотопы 
610 1 |a сверхмалые количества 
610 1 |a методы измерения 
610 1 |a радиоуглерод 
610 1 |a образование 
610 1 |a распределение 
610 1 |a исследования 
675 |a 550.42:546.2  |v 3 
702 1 |a Кочаров  |b Г. Е.  |g Грант Егорович  |4 340 
712 0 2 |a Академия наук СССР (АН СССР)  |b Физико-технический институт им. А. Ф. Иоффе (ФТИ)  |c (Ленинград)  |2 stltpush  |3 (RuTPU)RU\TPU\col\12056 
801 0 |a RU  |b RuMRKP  |c 19960705  |g psbo 
801 1 |a RU  |b 63413507  |c 20111122 
801 2 |a RU  |b 63413507  |c 20111129  |g RCR 
942 |c BK